Culture Générale - Série 1256 - Statistiques

Statistiques générales
  • Ce quiz a été pris 89 fois
  • Le résultat moyen est 6 sur 10
Statistiques - réponses
Question Réponse % Correct
Quel pharmacien et agronome français a donné son nom au hachis de viande de boeuf, recouvert de purée de pomme de terre gratinée ? Antoine Augustin Parmentier
96%
L'affection due à une allergie au pollen des graminées est communément appelée : "rhume des... foins
96%
De quelle chaîne de montagnes asiatique sont originaires les Sherpas ? Himalaya
77%
Pour quel pays les Springboks ont-ils remporté la Coupe du monde de rugby 2007 en France ? Afrique du Sud
76%
Quel nom porte le fragment de stèle qui permit à Champollion de déchiffrer les hiéroglyphes ? pierre de Rosette
71%
Selon le proverbe, si "araignée du matin, chagrin", qu'apporte l'araignée du soir ? l'espoir
65%
Quel roi de France et de Navarre était surnommé “le Hutin” ? Louis X
56%
Sur quel hippodrome se court le Grand Prix d'Amérique ? Vincennes
44%
À quel pays les îles Éoliennes appartiennent-elles ? Italie
43%
Quel nom porte le stade de football où évoluent "Les Merlus" du FC Lorient ? stade du Moustoir
12%
Aucun quiz correspondant
Distribution des résultats
% des personnes avec chaque résultat
Percentile par nombre de réponses
Votre historique - résultats
Vous n’avez pas pris ce quiz